000 00677nam a2200241Ia 4500
003 OSt
005 20220925204212.0
006 a|||||r|||| 00| 0
007 ta
008 220923b |||||||| |||| 00| 0 eng d
037 _cGeneral Book
040 _aRTL
_cRTL
_beng
041 _2eng
_aeng
082 _aX:991, L3
110 _aInternational labour Office
245 0 _aStategies for employment promotion
260 _aGeneva
_bInternational Labour Office
_c1973
300 _aiii, 162p. Appendix p133-62
_ccm.
650 _aLabour Market
700 _aInternational labour Office
942 _hX:991, L3
_cGB
_2CC
999 _c548804
_d548804